[Event "Challenge"]
[Site "http://www.queenalice.com/game.php?id=1460166"]
[Date "2017.1.18"]
[Round "-"]
[White "vangogh"]
[Black "gisa2010"]
[Result "0-1"]
[WhiteElo "1536"]
[BlackElo "1228"]

1. e4 g6 2. d4 Bh6 3. d5 Nf6 4. Nc3 b6 5. e5 Ng8 6. Nf3 d6 7. exd6 cxd6 8. Bb5+
Nd7 9. O-O a6 10. Bxd7+ Bxd7 11. Be3 b5 12. Qd4 e5 13. Qd2 g5 14. Bxg5 f6 15.
Bxh6 b4 16. Ne4 Qe7 17. Qxb4 Nxh6 18. Qb7 O-O 19. Rad1 f5 20. Nc3 e4 21. Rde1
Rab8 22. Qxa6 Ng4 23. h3 Ne5 24. a4 Rb4 25. b3 Rbb8 26. Rb1 exf3 27. gxf3 Nxf3+
28. Kg2 Ng5 29. Rbe1 Qf6 30. Re3 f4 31. Rd3 Bxh3+ 32. Kg1 f3 33. Re1 Qf4 34. Qa7
Qg4+ 35. Kh1 Qg2# 0-1

[Event "Challenge"]
[Site "http://www.queenalice.com/game.php?id=1470974"]
[Date "2017.3.28"]
[Round "-"]
[White "vangogh"]
[Black "gisa2010"]
[Result "1-0"]
[WhiteElo "1523"]
[BlackElo "1243"]

1. e4 g6 2. d4 b6 3. d5 a5 4. c4 Nf6 5. Nc3 Na6 6. a3 h5 7. e5 Ng4 8. f3 Nxe5 9.
f4 Ng4 10. h3 Nf6 11. Nf3 Nc5 12. Be3 Bh6 13. b4 axb4 14. axb4 Na6 15. b5 c6 16.
d6 Nb4 17. Rxa8 exd6 18. Qxd6 Nc2+ 19. Kd2 Nxe3 20. Kxe3 Rg8 21. Qe5+ Qe7 22.
Rxc8# 1-0

[Event "Challenge"]
[Site "http://www.queenalice.com/game.php?id=1476752"]
[Date "2017.5.5"]
[Round "-"]
[White "gisa2010"]
[Black "Ruusgugg"]
[Result "0-1"]
[WhiteElo "1261"]
[BlackElo "1385"]

1. c4 Nc6 2. a4 e5 3. b3 Nb4 4. Ba3 Qf6 5. Bxb4 Bxb4 6. g3 e4 7. Ra2 Nh6 8. a5
O-O 9. Nh3 Ng4 10. f3 exf3 11. exf3 Ne5 12. Ng1 Re8 13. Be2 Nd3+ 14. Kf1 Qd6 15.
Nc3 Qd4 16. Bxd3 Qxd3+ 17. Nce2 Bc5 18. Kg2 b5 19. Nf4 Qd4 20. Ngh3 d5 21. cxd5
g5 22. Rf1 gxf4 23. gxf4 Qg7+ 24. Ng5 f6 25. Qa1 h6 26. Re1 Rxe1 27. Qxe1 hxg5
28. Qe8+ Bf8 29. Rc2 Bb7 30. Qxb5 Bc8 31. a6 Qh7 32. Kf2 Qxh2+ 33. Ke3 Qxf4+ 34.
Kd3 Bf5+ 35. Kc3 Qxf3+ 36. Kb2 Rd8 37. Rxc7 Rxd5 38. Qc4 Be6 39. Rxa7 Rxd2+ 40.
Kc1 Qd1# 0-1

[Event "Challenge"]
[Site "http://www.queenalice.com/game.php?id=1482327"]
[Date "2017.6.14"]
[Round "-"]
[White "gisa2010"]
[Black "vangogh"]
[Result "1-0"]
[WhiteElo "1238"]
[BlackElo "1417"]

1. e3 e5 2. Nh3 f5 3. Bd3 e4 4. Bc4 d5 5. Bb3 a6 6. O-O Nf6 7. d4 Nc6 8. Nf4 g5
9. Nh3 g4 10. Nf4 Qd6 11. Bd2 b5 12. h4 h5 13. Ng6 Rg8 14. Nf4 b4 15. Ba4 Bd7
16. a3 bxa3 17. bxa3 g3 18. Nxh5 Nxh5 19. Qxh5+ Rg6 20. Ra2 gxf2+ 21. Rxf2 O-O-O
22. Rb2 Qxa3 23. Nxa3 Rh6 24. Qg5 Rh8 25. Qf6 Be7 26. Qf7 Bxa3 27. Rb3 Be7 28.
Bxc6 Bxc6 29. Qxe7 Ba4 30. Qe6+ Rd7 31. Qxa6+ Kd8 32. Rb8+ Ke7 33. Bb4+ Kf7 34.
Rxf5+ Kg7 35. Qf6+ Kh7 36. Rh5# 1-0

[Event "Challenge"]
[Site "http://www.queenalice.com/game.php?id=1490424"]
[Date "2017.8.16"]
[Round "-"]
[White "vangogh"]
[Black "gisa2010"]
[Result "1-0"]
[WhiteElo "1527"]
[BlackElo "1275"]

1. e4 e5 2. d4 Be7 3. dxe5 Nh6 4. Nc3 O-O 5. Nf3 b6 6. a3 c5 7. Qd5 Na6 8. Qxa8
Nc7 9. Qxa7 b5 10. Bxb5 Ng4 11. h3 Nh6 12. O-O g5 13. Be3 Ne6 14. Rad1 c4 15.
Bxc4 d6 16. b4 g4 17. hxg4 Nxg4 18. Bb6 Qe8 19. exd6 Bd8 20. Qb8 Bd7 21. Bxe6
fxe6 22. Rd4 e5 23. Rd5 Nf6 24. Rxe5 Qf7 25. Ng5 Qc4 26. Rc5 Qa6 27. e5 Ng4 28.
Bxd8 Qxa3 29. Re1 Nxf2 30. Rc7 Be8 31. Rc8 Qb2 32. e6 h6 33. e7 Rf5 34. d7 Bxd7
35. e8=Q+ Bxe8 36. Rxe8+ Kg7 37. Qa7+ Kg6 38. Qh7+ Kh5 39. g4+ Kxg4 40. Rc4+ Kh5
41. Rh8 Qb1+ 42. Nxb1 Rf3 43. Qxh6# 1-0

[Event "Challenge"]
[Site "http://www.queenalice.com/game.php?id=1492460"]
[Date "2017.8.31"]
[Round "-"]
[White "gisa2010"]
[Black "Ruusgugg"]
[Result "1-0"]
[WhiteElo "1250"]
[BlackElo "1485"]

1. b4 f6 2. g3 d5 3. Bh3 e6 4. Ba3 a5 5. bxa5 Bxa3 6. Nxa3 b6 7. axb6 cxb6 8.
Nb5 Ra5 9. Rb1 Bd7 10. Nd6+ Kf8 11. Rb4 Qc7 12. Nc4 b5 13. Ne3 Nc6 14. a3 Nxb4
15. axb4 Ra4 16. c3 Ra8 17. Nf3 f5 18. Ne5 Qxe5 19. g4 f4 20. Ng2 f3 21. Ne3
fxe2 22. Kxe2 d4 23. cxd4 Qxd4 24. Bg2 Ra1 25. Qc2 Rxh1 26. Bxh1 Qa1 27. Qc5+
Ne7 28. Qc7 Nd5 29. Bxd5 Ke7 30. Bc6 Qd4 31. Bxb5 Rc8 32. Qb7 Kd8 33. Bd3 Rc7
34. Qf3 Qxb4 35. Qa8+ Rc8 36. Qf3 Rc5 37. Qf8+ Be8 38. Qd6+ Bd7 39. Qf8+ Be8 40.
Qd6+ Bd7 41. Qf8+ Kc7 42. Qxg7 h5 43. gxh5 Rxh5 44. Qg3+ e5 45. Nd5+ Kc6 46.
Nxb4+ 1-0

[Event "Challenge"]
[Site "http://www.queenalice.com/game.php?id=1509524"]
[Date "2017.12.27"]
[Round "-"]
[White "gisa2010"]
[Black "elisa"]
[Result "0-1"]
[WhiteElo "1269"]
[BlackElo "1263"]

1. e4 e5 2. Bd3 Bc5 3. b3 Nf6 4. Nh3 O-O 5. Ba3 d6 6. O-O Be6 7. b4 Bd4 8. c3
Bb6 9. c4 Bd4 10. Nc3 Nc6 11. b5 Ne7 12. Bb2 Bg4 13. Qb3 Qd7 14. Ne2 a6 15. bxa6
Rxa6 16. Qxb7 Rb6 17. Qa7 Rxb2 18. Rfd1 Bxa7 19. Ng5 Ng6 0-1

[Event "Challenge"]
[Site "http://www.queenalice.com/game.php?id=1510546"]
[Date "2018.1.4"]
[Round "-"]
[White "gisa2010"]
[Black "vangogh"]
[Result "0-1"]
[WhiteElo "1253"]
[BlackElo "1533"]

1. b3 e5 2. e4 d5 3. exd5 Qxd5 4. Nh3 f6 5. c4 Qd4 6. Nc3 Bb4 7. a3 Bxc3 8. Be2
Bxa1 9. d3 Qd7 10. Bd2 Bd4 11. g4 Nc6 12. f4 f5 13. gxf5 Qxf5 14. Rg1 Qxh3 15.
Qc2 Nf6 16. Rxg7 Qxh2 17. Bf3 Qf2+ 18. Kd1 Qxf3+ 19. Kc1 exf4 20. Qa2 Ne5 21. b4
Qxd3 22. Rg2 Qf1+ 23. Kc2 Qxg2 24. Kc1 Bf5 25. a4 Qf1+ 26. Be1 Qxe1# 0-1

[Event "Challenge"]
[Site "http://www.queenalice.com/game.php?id=1517846"]
[Date "2018.3.1"]
[Round "-"]
[White "gisa2010"]
[Black "Ruusgugg"]
[Result "0-1"]
[WhiteElo "1248"]
[BlackElo "1447"]

1. b3 Nf6 2. Ba3 Nc6 3. g3 d6 4. Nf3 e5 5. c3 Ng4 6. h3 Nf6 7. Bg2 e4 8. Nd4
Nxd4 9. cxd4 b6 10. Bb4 Bb7 11. a4 a5 12. Bc3 c5 13. dxc5 d5 14. cxb6 Qxb6 15.
d4 Be7 16. Na3 Qc6 17. Qd2 Qb6 18. Rb1 Bxa3 19. Qa2 Bb4 20. Bd2 Bxd2+ 21. Kxd2
Qxd4+ 22. Ke1 O-O 23. Rc1 Rfe8 24. Rd1 Qb4+ 25. Rd2 Rac8 26. Kd1 Qc5 27. e3 Qc1+
28. Ke2 Qc7 29. h4 Ba6+ 30. Kd1 Qc1# 0-1

[Event "Challenge"]
[Site "http://www.queenalice.com/game.php?id=1522348"]
[Date "2018.4.4"]
[Round "-"]
[White "vangogh"]
[Black "gisa2010"]
[Result "1-0"]
[WhiteElo "1526"]
[BlackElo "1240"]

1. e4 e5 2. d4 Bd6 3. d5 Ne7 4. c4 b6 5. a3 Na6 6. b4 Bb7 7. Qg4 Nc6 8. Qxg7 Rf8
9. Qxh7 Ne7 10. Nf3 c5 11. Ng5 cxb4 12. Be2 Nc5 13. O-O Nb3 14. Bh5 Qc8 15. Nxf7
Nf5 16. Nxd6+ Kd8 17. Nxc8 Kxc8 18. exf5 Nxa1 19. Bh6 Kc7 20. Bxf8 Rxf8 21. axb4
Nc2 22. b5 Rxf5 23. Qxf5 Nd4 24. Qxe5+ d6 25. Qxd4 Kc8 26. Qg4+ Kb8 27. Re1 a5
28. Qd7 Bc8 29. Re8 Ka8 30. Rxc8# 1-0

[Event "Challenge"]
[Site "http://www.queenalice.com/game.php?id=1535888"]
[Date "2018.7.23"]
[Round "-"]
[White "gisa2010"]
[Black "Ruusgugg"]
[Result "0-1"]
[WhiteElo "1221"]
[BlackElo "1545"]

1. d3 d5 2. Be3 d4 3. Bf4 Nf6 4. Nf3 c5 5. g3 Qb6 6. Ng5 Qxb2 7. Nd2 Qc3 8. Bg2
h6 9. Ne4 Nxe4 10. dxe4 g5 11. Be5 f6 12. Bxb8 Rxb8 13. O-O Qa5 14. c4 b5 15.
Nb3 Qc7 16. cxb5 Rxb5 17. Qd3 c4 18. Qc2 Qb6 19. Qxc4 Ba6 20. Nxd4 Rc5 21. Qa4+
Bb5 22. Nxb5 Rxb5 23. Qc2 Rb2 24. Qc8+ Kf7 25. Rad1 Bg7 26. Qc4+ e6 27. Rd7+ Kg8
28. h4 gxh4 29. gxh4 Rb4 30. Qc3 h5 31. Qc8+ Kh7 32. Qc3 Qb5 33. Qg3 Qxd7 34.
Bf3 Rg8 35. Bxh5 Bh6 36. Bg4 f5 37. exf5 Rgxg4 38. fxe6 Qxe6 39. Qxg4 Qxg4+ 40.
Kh1 Qh3+ 41. Kg1 Rg4# 0-1

[Event "Challenge"]
[Site "http://www.queenalice.com/game.php?id=1553788"]
[Date "2018.12.22"]
[Round "-"]
[White "eduardocosta"]
[Black "gisa2010"]
[Result "1-0"]
[WhiteElo "1687"]
[BlackElo "1212"]

1. e3 g6 2. Nf3 Bh6 3. b3 b5 4. Bb2 a5 5. Bxh8 Ba6 6. Bb2 c6 7. Be5 d6 8. Bb2 b4
9. Bxa6 Nxa6 10. O-O Qd7 11. Nd4 c5 12. Nf3 a4 13. d4 cxd4 14. Bxd4 e5 15. Bb2
e4 16. Nfd2 Nc5 17. Bd4 Nb7 18. Nxe4 d5 19. Ng3 axb3 20. cxb3 O-O-O 21. Nd2 Ne7
22. Bc5 Nxc5 23. Rc1 Qc7 24. Nf3 f5 25. Nd4 Bg5 26. Qc2 f4 27. exf4 Bxf4 28.
Rce1 Re8 29. Nge2 Bxh2+ 30. Kh1 h5 31. Rc1 h4 32. Qxc5 g5 33. Qxb4 Qxc1 34.
Rxc1+ Kd7 35. Kxh2 Ng6 36. Qb5+ Kd6 37. Qxe8 Ne7 38. Nb5+ Ke5 39. Qxe7+ 1-0

[Event "Challenge"]
[Site "http://www.queenalice.com/game.php?id=1555785"]
[Date "2019.1.7"]
[Round "-"]
[White "Ruusgugg"]
[Black "gisa2010"]
[Result "1-0"]
[WhiteElo "1470"]
[BlackElo "1218"]

1. f4 Nf6 2. Nf3 g6 3. c3 Bh6 4. g3 b6 5. d4 Ba6 6. Bg2 d5 7. O-O Nc6 8. Bh3 Bc4
9. Ne5 Na5 10. b3 Bb5 11. Na3 a6 12. Nxb5 axb5 13. a4 bxa4 14. Rxa4 O-O 15. g4
b5 16. Ra2 Ne4 17. g5 Bg7 18. b4 Nb7 19. Rb2 Nxc3 20. Qe1 Ne4 21. f5 gxf5 22.
Bxf5 Ned6 23. Bd3 h5 24. Qh4 f5 25. Qxh5 c6 26. Nxc6 Qb6 27. Nxe7# 1-0

[Event "Challenge"]
[Site "http://www.queenalice.com/game.php?id=1565822"]
[Date "2019.3.28"]
[Round "-"]
[White "gisa2010"]
[Black "Ruusgugg"]
[Result "0-1"]
[WhiteElo "1208"]
[BlackElo "1382"]

1. b4 d5 2. g4 Bxg4 3. c3 e5 4. Nh3 c5 5. bxc5 Bxc5 6. a3 d4 7. Qa4+ Nc6 8. f3
Bf5 9. d3 Bd7 10. Bg5 f6 11. Bh4 Nb4 12. Qd1 g5 13. Bg3 g4 14. axb4 Bb6 15. Nf2
Qc7 16. cxd4 Bxd4 17. Ra2 f5 18. Bxe5 Bxe5 19. d4 Bf4 20. fxg4 Qc4 21. Rc2 Qxb4+
22. Nc3 Rc8 23. Bg2 h5 24. gxh5 Rxc3 25. Bd5 Rxc2+ 26. Kf1 Rc1 27. Qxc1 Bxc1 28.
Nd3 Qxd4 29. Nxc1 Qxd5 30. Rg1 Nf6 31. Rg6 Qh1+ 32. Kf2 Ne4+ 33. Ke3 Qxc1+ 34.
Kf3 Rxh5 35. Rg8+ Kf7 36. Rd8 Bb5 37. Rb8 Qc6 38. Rd8 Rh4 39. Rd4 Rxh2 40. e3
Nd2+ 41. Kf4 Rh4+ 42. Kg5 Nf3+ 43. Kxf5 Qf6# 0-1

[Event "Challenge"]
[Site "http://www.queenalice.com/game.php?id=1568347"]
[Date "2019.4.20"]
[Round "-"]
[White "eduardocosta"]
[Black "gisa2010"]
[Result "1-0"]
[WhiteElo "1703"]
[BlackElo "1210"]

1. e3 e5 2. Nf3 g6 3. Nxe5 Qe7 4. d4 Bh6 5. Bc4 Na6 6. Bxa6 bxa6 7. Qf3 Nf6 8.
Qxa8 O-O 9. Qxa7 d6 10. Nc6 Qd7 11. Nb8 Qe7 12. Nxa6 Nd5 13. O-O Qh4 14. Nxc7
Nf6 15. Nb5 Bf5 16. Nxd6 Ng4 17. h3 Nf6 18. c4 1-0

[Event "Challenge"]
[Site "http://www.queenalice.com/game.php?id=1581795"]
[Date "2019.8.29"]
[Round "-"]
[White "Ruusgugg"]
[Black "gisa2010"]
[Result "0-1"]
[WhiteElo "1391"]
[BlackElo "1199"]

1. e4 e5 2. Qh5 Qe7 3. Nf3 Nc6 4. Bc4 g6 5. Qg5 h6 6. Qe3 h5 7. h4 Nb4 8. Ng5
Nxc2+ 9. Kd1 Nxe3+ 10. fxe3 Qf6 11. Nxf7 Rh7 12. Rf1 Qxh4 13. Nxe5 Qxe4 14. b3
Qxe5 15. Bxg8 Qxa1 16. Nc3 Rg7 17. Bc4 Ba3 18. Ke2 d6 19. Bxa3 Bg4+ 20. Kf2
Qxf1+ 21. Kxf1 O-O-O 22. Nb5 d5 23. Be2 Rf7+ 24. Ke1 Rd6 25. Nxd6+ cxd6 26. Bxd6
Be6 27. Bc5 Rf5 28. Bxa7 Rg5 29. Bf1 d4 30. Bxd4 Ra5 31. a4 Bxb3 32. Bb6 Rxa4
33. Bd3 Ra1+ 34. Ke2 Bd1+ 35. Kf2 Bg4 36. Bxg6 Ra6 37. Bd4 Rxg6 38. e4 h4 39. e5
Rg5 40. e6 Bxe6 41. Bf6 Rf5+ 0-1

[Event "Challenge"]
[Site "http://www.queenalice.com/game.php?id=1587425"]
[Date "2019.10.20"]
[Round "-"]
[White "JSFraga_RS"]
[Black "gisa2010"]
[Result "0-1"]
[WhiteElo "1439"]
[BlackElo "1223"]

1. e4 Nf6 2. Nc3 e5 3. d4 exd4 4. Qxd4 d6 5. Bb5+ Bd7 6. e5 Nh5 7. Nf3 Be7 8.
Be3 c6 9. exd6 cxb5 10. dxe7 Qxe7 11. Nd5 Qd6 12. O-O-O O-O 13. g3 a5 14. Bf4
Nc6 15. Bxd6 Nxd4 16. Bxf8 Kxf8 17. Nxd4 Re8 18. Nc7 Rc8 19. Ndxb5 Nf6 20. c4 h5
21. h4 Re8 22. Nxe8 Bxe8 23. Nc7 Bc6 24. Rhe1 g6 25. Rd8+ Kg7 0-1

[Event "Challenge"]
[Site "http://www.queenalice.com/game.php?id=1593777"]
[Date "2019.12.22"]
[Round "-"]
[White "Ruusgugg"]
[Black "gisa2010"]
[Result "0-1"]
[WhiteElo "1426"]
[BlackElo "1271"]

1. g4 g6 2. b4 Nc6 3. b5 Ne5 4. g5 e6 5. d4 Ng4 6. e4 Bb4+ 7. c3 Ba5 8. h3 Nxf2
9. Kxf2 h6 10. gxh6 Qh4+ 11. Ke2 Qxe4+ 12. Be3 Qxh1 13. Nf3 Bxc3 14. Nxc3 b6 15.
Ne4 a6 16. Ng3 Qxf3+ 17. Kd2 Qxg3 18. Qc1 axb5 19. Qxc7 Qxc7 20. Bg2 Ra3 21. Rc1
Qb8 22. Rb1 Rxa2+ 23. Kd1 Rxg2 0-1

[Event "Challenge"]
[Site "http://www.queenalice.com/game.php?id=1595388"]
[Date "2020.1.7"]
[Round "-"]
[White "gisa2010"]
[Black "Ruusgugg"]
[Result "0-1"]
[WhiteElo "1293"]
[BlackElo "1401"]

1. Nc3 d5 2. b3 d4 3. Ne4 Qd5 4. Nc3 dxc3 5. d3 b5 6. Nf3 f5 7. Ba3 a5 8. d4 b4
9. Bc1 a4 10. bxa4 Rxa4 11. h4 Nc6 12. g3 Nf6 13. Bh3 Ne4 14. Ng5 Qc4 15. f3
Nxg3 16. Rg1 h6 17. Rxg3 hxg5 18. Rxg5 Nxd4 19. Be3 Rxh4 20. Rg3 Ba6 21. Bf2 f4
22. Rg5 Rxh3 23. Bxd4 Rh2 24. Rg1 c5 25. Bf2 Rh6 26. e4 Rd6 27. Qb1 Qe2# 0-1

[Event "Challenge"]
[Site "http://www.queenalice.com/game.php?id=1596907"]
[Date "2020.1.21"]
[Round "-"]
[White "gisa2010"]
[Black "JSFraga_RS"]
[Result "0-1"]
[WhiteElo "1281"]
[BlackElo "1362"]

1. d3 e5 2. Nc3 Nf6 3. g3 d5 4. Bh3 d4 5. Na4 Be6 6. b3 Nc6 7. e4 Bd6 8. c3 Qd7
9. cxd4 Nxd4 10. Bb2 Bxh3 11. Nxh3 Qxh3 12. Kd2 Bb4+ 13. Ke3 Qh6+ 14. f4 exf4+
15. Kf2 f3 16. Bxd4 O-O-O 17. Qxf3 Rxd4 18. Qf5+ Rd7 19. Rac1 Qd2+ 20. Kf3 Kd8
21. Rcd1 Rxd3# 0-1

[Event "Challenge"]
[Site "http://www.queenalice.com/game.php?id=1598955"]
[Date "2020.2.9"]
[Round "-"]
[White "Ruusgugg"]
[Black "gisa2010"]
[Result "0-1"]
[WhiteElo "1345"]
[BlackElo "1268"]

1. g4 Nf6 2. e3 e6 3. g5 Ne4 4. Qf3 Nxg5 5. Qf4 h6 6. h4 Nh7 7. e4 Bd6 8. e5 Bc5
9. b4 Be7 10. d4 b5 11. c3 Nc6 12. Rh3 d6 13. exd6 Bxd6 14. Qg4 e5 15. Qxg7 Ke7
16. Rf3 Be6 17. Qxh6 e4 18. Re3 Nf6 19. Qg5 Rg8 20. Qxb5 Nb8 21. Qb7 Nbd7 22.
Qa6 Rxg1 23. b5 Rg4 24. Bh3 Rg1+ 25. Kd2 c5 26. Bxe6 fxe6 27. dxc5 Bxc5 28. Re2
Rb8 29. f4 Qf8 30. Rh2 Qh6 31. Bb2 Qxf4+ 32. Kc2 Qxh2+ 33. Kb3 Rg2 34. Ba3 e3
35. Bxc5+ Nxc5+ 0-1

[Event "Challenge"]
[Site "http://www.queenalice.com/game.php?id=1603767"]
[Date "2020.3.22"]
[Round "-"]
[White "gisa2010"]
[Black "Ruusgugg"]
[Result "1-0"]
[WhiteElo "1287"]
[BlackElo "1319"]

1. e4 g5 2. Ne2 g4 3. g3 h5 4. Bg2 h4 5. gxh4 Nf6 6. c3 Rxh4 7. e5 Nh5 8. d4 d5
9. Qa4+ c6 10. b3 b5 11. Qb4 f5 12. c4 dxc4 13. bxc4 a5 14. Qb3 bxc4 15. Qxc4
Ba6 16. Qg8 Bd3 17. Qg6+ Kd7 18. e6+ Kc8 19. a4 g3 20. fxg3 Qxd4 21. Nxd4 Re4+
22. Bxe4 Bxe4 23. Rf1 c5 24. Nb5 1-0